Glossary of Transport (Record no. 5680)

000 -LEADER
fixed length control field 00262nam a2200121Ia 4500
008 - FIXED-LENGTH DATA ELEMENTS--GENERAL INFORMATION
fixed length control field 201214s9999 xx 000 0 und d
100 ## - MAIN ENTRY--PERSONAL NAME
Personal name Logie, Gordon
245 #0 - TITLE STATEMENT
Title Glossary of Transport
260 ## - PUBLICATION, DISTRIBUTION, ETC.
Place of publication, distribution, etc. London
Name of publisher, distributor, etc. McMillan
Date of publication, distribution, etc. 1981
942 ## - ADDED ENTRY ELEMENTS (KOHA)
Koha item type Books
Holdings
Withdrawn status Lost status Damaged status Not for loan Date acquired Barcode Date last seen Price effective from Koha item type
        2020-12-14 PM00621 2020-12-14 2020-12-14 Books
Designed and Maintained by IMU-KC Library, Kolkata Campus © Copyright All Rights Reserved

webs counters

Powered by Koha